Normal view
MARC view
- Horticulture
Entry Uniform Title
001 - CONTROL NUMBER
- control field: 8506
003 - CONTROL NUMBER IDENTIFIER
- control field: NUST
005 - DATE AND TIME OF LATEST TRANSACTION
- control field: 20180117111641.0
008 - FIXED-LENGTH DATA ELEMENTS
- fixed length control field: 180117|| aca||aabn | a|a d
040 ## - CATALOGING SOURCE
- Original cataloging agency: NUST
- Transcribing agency: NUST
130 ## - HEADING--UNIFORM TITLE
- Uniform title: Horticulture
670 ## - SOURCE DATA FOUND
- Source citation: Work cat.: (NUST): P. Parvatha reddy 8505, Organic farming for sustainable horticulture, c2008
